| 000 | 00484nam a2200157 a 4500 | ||
|---|---|---|---|
| 001 | 6151 | ||
| 005 | 20180713190012.0 | ||
| 008 | 140415s1984 000 0 spa d | ||
| 041 | _aspa | ||
| 082 |
_a350.99 _bSER |
||
| 245 | 0 | 0 | _aSERVIDORES PUBLICOS Y SUS NUEVAS RESPONSABILIDADES |
| 260 |
_a[s.l.] : _bINSTITUTO NACIONAL DE ADMINISTRACION PUBLICA, _c1984 |
||
| 300 | _a190 | ||
| 490 |
_aPRAXIS _v60 |
||
| 650 | 1 | 4 |
_aFUNCIONARIOS PUBLICOS _xRESPONSABILIDAD ADMINISTRATIVA |
| 999 |
_c6151 _d6151 |
||